Quantum computing and quantum communications : First NASA International Conference, QCQS'98, Palm Springs, California, USA, February 17-20, 1998, selected papers

Αποθηκεύτηκε σε:
Λεπτομέρειες βιβλιογραφικής εγγραφής
Συγγραφή απο Οργανισμό/Αρχή: QCQS '98 International Conference
Άλλοι συγγραφείς: Williams, Colin P. (Επιμελητής έκδοσης)
Μορφή: Βιβλίο
Γλώσσα:English
Δημοσίευση: Berlin ; : New York : Springer-Verlag, c1999.
Σειρά:Lecture notes in computer science ; ; 1509
Θέματα:
Ετικέτες: Προσθήκη ετικέτας
Δεν υπάρχουν, Καταχωρήστε ετικέτα πρώτοι!

MARC

LEADER 00000cam a2200000 i 4500
001 1/102241
008 000224s1999 eng d
020 |a 354065514X 
035 |l 10058003 
040 |a GR-MY-UA  |b gre  |e aacr 
041 0 |a eng 
082 0 |a 004.1 
110 2 |a QCQS '98 International Conference. 
245 1 0 |a Quantum computing and quantum communications :   |b First NASA International Conference, QCQS'98, Palm Springs, California, USA, February 17-20, 1998, selected papers /   |c Colin P. Williams (ed.).  
260 |a Berlin ; :   |a New York :   |b Springer-Verlag,   |c c1999.  
300 |a x, 480 σ. :   |b εικ. ;   |c 24 εκ.  
490 1 |a (Lecture notes in computer science  |v ; 1509)  
504 |a Περιλαμβάνει βιβλιογραφικές παραπομπές και ευρετήριο.  
650 0 0 |a Quantum computers  |x Congresses. 
650 0 0 |a Optical communications  |x Congresses. 
700 0 |a Williams, Colin P.  |e edt 
830 0 |a Lecture notes in computer science ;  |v ; 1509 
852 |a INST  |b SAMOS  |e 20000224  |h 004.1 QCQ  |p 005300015575  |q 005300015575  |t BK  |y 0 
901 |a BIBL3-2000-1 
909 |a Σ  |b 074246 
922 |a 3ΕΛΗ  |b 200002  |c ΤΠΕΣ  |d ΠΑΠΑΣΩΤΗΡΙΟΥ 
950 |a 133-1999-11-14 
970 |a ΚΟΣΙΕΡΗΣ  |b ΧΡΗΣΤΟΣ  |z 2000/03/09